[Event "16. Obert Internacional Sant Martí 2014"]
[Site "Barcelona ESP"]
[Date "2014.07.18"]
[Round "6.51"]
[White "Romero Gamez, Francisco Javier"]
[Black "Santolaria Pena, M."]
[Result "0-1"]
[WhiteElo "1795"]
[BlackElo "1902"]
[PlyCount "108"]
[EventDate "2014.07.13"]
[EventType "swiss"]
[EventRounds "9"]
[EventCountry "ESP"]
[Source "lmi"]
[SourceDate "2014.07.13"]

1. e4 Nf6 2. Nc3 d5 3. exd5 Nxd5 4. Nxd5 Qxd5 5. Nf3 Nc6 6. h3 Bf5 7. d4 Qe4+
8. Be3 Qxc2 9. Qxc2 Bxc2 10. Bb5 Be4 11. O-O Bxf3 12. gxf3 a6 13. Bxc6+ bxc6
14. Rac1 Kd7 15. Rc2 e6 16. Rfc1 Bd6 17. Rxc6 Rhb8 18. b3 a5 19. Bd2 a4 20. b4
Bxb4 21. Rxc7+ Ke8 22. Bxb4 Rxb4 23. R7c4 Rab8 24. R1c2 Rxc4 25. Rxc4 Ra8 26.
Kf1 Kd7 27. Ke2 Kd6 28. Kd3 Ra7 29. f4 f5 30. h4 a3 31. Rc3 Ra5 32. Kd2 Ra7 33.
Kd3 Ke7 34. Ke3 Kf6 35. Kf3 h6 36. Kg3 Ra4 37. Rd3 Ra5 38. Rc3 g5 39. fxg5+
hxg5 40. hxg5+ Kxg5 41. f4+ Kf6 42. Kf3 Ke7 43. Ke3 Kd6 44. Kd3 Kd5 45. Ke3 Ra4
46. Rc5+ Kd6 47. Rc3 Ra8 48. Ke2 Kd5 49. Ke3 Rh8 50. Rc5+ Kd6 51. Rc2 Rh3+ 52.
Ke2 Kd5 53. Rd2 Rh2+ 54. Kd3 Rxd2+ 0-1

[Event "16. Obert Internacional Sant Martí 2014"]
[Site "Barcelona ESP"]
[Date "2014.07.18"]
[Round "6.52"]
[White "Ruhlmann, Helene"]
[Black "Paragliola, Gennaro"]
[Result "1-0"]
[WhiteElo "1867"]
[BlackElo "1560"]
[PlyCount "37"]
[EventDate "2014.07.13"]
[EventType "swiss"]
[EventRounds "9"]
[EventCountry "ESP"]
[Source "lmi"]
[SourceDate "2014.07.13"]

1. d4 Nf6 2. Nf3 d5 3. e3 g6 4. b3 Bg7 5. Bb2 O-O 6. Bd3 c6 7. Nbd2 Nbd7 8. O-O
Re8 9. c4 e5 10. dxe5 Ng4 11. cxd5 Ndxe5 12. Nxe5 Nxe5 13. Be2 Qxd5 14. Qc2 Be6
15. f4 Ng4 16. Bxg7 Nxe3 17. Bf3 Qd8 18. Qc3 Qb6 19. Bd4 1-0

[Event "16. Obert Internacional Sant Martí 2014"]
[Site "Barcelona ESP"]
[Date "2014.07.19"]
[Round "7.1"]
[White "Cori, Jorge"]
[Black "Grigoryan, Karen H"]
[Result "1/2-1/2"]
[WhiteElo "2608"]
[BlackElo "2592"]
[PlyCount "135"]
[EventDate "2014.07.13"]
[EventType "swiss"]
[EventRounds "9"]
[EventCountry "ESP"]
[Source "lmi"]
[SourceDate "2014.07.13"]

1. d4 Nf6 2. Nf3 g6 3. c3 Bg7 4. Bf4 O-O 5. h3 c5 6. e3 cxd4 7. exd4 d6 8. Be2
Nfd7 9. O-O e5 10. dxe5 dxe5 11. Bg5 Qc7 12. Na3 a6 13. Nc4 e4 14. Nd4 b5 15.
Ne3 Nb6 16. Bh4 f5 17. Qb3+ Qf7 18. Rfd1 f4 19. Qxf7+ Kxf7 20. Nec2 h6 21. f3
e3 22. a4 g5 23. Be1 Nxa4 24. b3 Nb6 25. c4 Bb7 26. Rab1 Bc8 27. Bb4 Re8 28.
Ba5 N6d7 29. b4 bxc4 30. Bxc4+ Kf6 31. b5 axb5 32. Rxb5 Re5 33. Bc3 Kg6 34.
Bd3+ Kf7 35. Bc4+ Kg6 36. Bd3+ Kf7 37. Rbb1 Ba6 38. Be4 Rxe4 39. fxe4 Nc5 40.
Nb5 e2 41. Rd5 Bxc3 42. Rxc5 Bd2 43. Rd5 Bxb5 44. Rxd2 Bc4 45. Kf2 Nc6 46. Rb7+
Kf8 47. Ne1 Re8 48. Rd6 Ne5 49. Rc7 Be6 50. Kxe2 Nf7 51. Rb6 Bd5 52. Kf2 Rxe4
53. Nf3 Kg7 54. Rd6 Be6 55. Rd2 Kf6 56. Rc6 Ne5 57. Nxe5 Rxe5 58. Rb6 Re3 59.
Re2 Rxe2+ 60. Kxe2 h5 61. Kf2 Ke5 62. Rb8 g4 63. h4 g3+ 64. Kg1 Kf5 65. Re8 Ba2
66. Ra8 Bb3 67. Rb8 Ba2 68. Ra8 1/2-1/2

[Event "16. Obert Internacional Sant Martí 2014"]
[Site "Barcelona ESP"]
[Date "2014.07.19"]
[Round "7.2"]
[White "Alarcon Casellas, Rolando"]
[Black "Burmakin, Vladimir"]
[Result "1-0"]
[WhiteElo "2378"]
[BlackElo "2590"]
[PlyCount "85"]
[EventDate "2014.07.13"]
[EventType "swiss"]
[EventRounds "9"]
[EventCountry "ESP"]
[Source "lmi"]
[SourceDate "2014.07.13"]

1. e4 c6 2. d4 d5 3. exd5 cxd5 4. Bd3 Nc6 5. c3 Nf6 6. Bf4 g6 7. Nd2 Bg7 8.
Ngf3 O-O 9. h3 b6 10. O-O Bb7 11. Re1 e6 12. Ne5 Nh5 13. Nxc6 Bxc6 14. Bh2 Nf6
15. Be5 Bb7 16. a4 a5 17. Qe2 Qe7 18. Qe3 Rfc8 19. g4 h6 20. Qg3 Ne8 21. Bxg7
Kxg7 22. Re3 Qd6 23. f4 Nf6 24. Rae1 Re8 25. Kh2 Bc6 26. Nf3 Ne4 27. Bxe4 dxe4
28. Ne5 Bxa4 29. Rxe4 f6 30. Nc4 Qc7 31. Nd2 Kf7 32. d5 Bd7 33. Rc4 Qb8 34.
dxe6+ Bxe6 35. Rd4 Qc7 36. Ne4 Kg7 37. Nd6 Re7 38. f5 Bf7 39. fxg6 Bxg6 40. Rc4
Qxd6 41. Qxd6 Rxe1 42. Rc7+ Bf7 43. Rxf7+ 1-0

[Event "16. Obert Internacional Sant Martí 2014"]
[Site "Barcelona ESP"]
[Date "2014.07.19"]
[Round "7.3"]
[White "Peralta, Fernando"]
[Black "Martinez Alcantara, Jose Eduardo"]
[Result "0-1"]
[WhiteElo "2596"]
[BlackElo "2295"]
[PlyCount "166"]
[EventDate "2014.07.13"]
[EventType "swiss"]
[EventRounds "9"]
[EventCountry "ESP"]
[Source "lmi"]
[SourceDate "2014.07.13"]

1. Nf3 c5 2. c4 Nc6 3. Nc3 g6 4. e3 Nf6 5. d4 cxd4 6. exd4 d5 7. cxd5 Nxd5 8.
Qb3 e6 9. Bb5 Bg7 10. O-O O-O 11. Bg5 Nxd4 12. Nxd4 Qxg5 13. Nf3 Qh5 14. Rfd1
Nxc3 15. bxc3 Qc5 16. Rac1 a6 17. Bd7 Qc7 18. Bxc8 Raxc8 19. h3 b5 20. a4 bxa4
21. Qxa4 Qc4 22. Ra1 Qxc3 23. Qxa6 Qc2 24. Rab1 Rfd8 25. Qf1 Bf6 26. Rxd8+ Rxd8
27. Qc1 Qf5 28. Rb7 h5 29. Qc7 Rd1+ 30. Kh2 Be7 31. Qc8+ Kh7 32. Qc3 Qd5 33.
Ra7 h4 34. Ne5 Qd6 35. Rd7 Qxe5+ 36. Qxe5 Rxd7 37. Qe4 Rd5 38. Qf3 Rf5 39. Qe2
Bd6+ 40. Kh1 Bc5 41. f3 Bd6 42. g4 hxg3 43. Kg2 Bf4 44. Qc4 g5 45. Qe4 Kh6 46.
Qd4 Kg6 47. Qe4 Kg7 48. Qd4+ Kg8 49. Qd8+ Kh7 50. Qd3 Kh6 51. Qd4 Re5 52. Kf1
Kg6 53. Qd3+ Kf6 54. Qd8+ Kg7 55. Qd4 Kg6 56. Qd3+ Rf5 57. Kg2 Kg7 58. Qd4+ e5
59. Qd7 Rf6 60. h4 gxh4 61. Qg4+ Kh7 62. Qh5+ Kg7 63. Qg4+ Rg6 64. Qxh4 Rd6 65.
Qg4+ Kf6 66. Qh4+ Ke6 67. Qg4+ Ke7 68. Qh4+ Kd7 69. Qg4+ Kc7 70. Qg7 Rd2+ 71.
Kh3 g2 72. Qxf7+ Kd6 73. Qf8+ Kd5 74. Qa8+ Kc4 75. Qe4+ Kc3 76. Qe1 Kb2 77. Qg1
Re2 78. Qd1 Kc3 79. Qa1+ Kd2 80. Qa5+ Ke3 81. Qc5+ Kxf3 82. Qd5+ e4 83. Qg8
g1=N+ 0-1

[Event "16. Obert Internacional Sant Martí 2014"]
[Site "Barcelona ESP"]
[Date "2014.07.19"]
[Round "7.4"]
[White "Lopez Martinez, Josep Manuel"]
[Black "Matsenko, Sergei"]
[Result "0-1"]
[WhiteElo "2548"]
[BlackElo "2474"]
[PlyCount "60"]
[EventDate "2014.07.13"]
[EventType "swiss"]
[EventRounds "9"]
[EventCountry "ESP"]
[Source "lmi"]
[SourceDate "2014.07.13"]

1. e4 e6 2. d4 d5 3. Nc3 Bb4 4. e5 Ne7 5. a3 Bxc3+ 6. bxc3 b6 7. Qg4 Ng6 8. Nf3
Qd7 9. a4 Ba6 10. Bxa6 Nxa6 11. O-O c5 12. Be3 Rc8 13. Ne1 cxd4 14. cxd4 Rc4
15. a5 b5 16. f4 O-O 17. Qh5 f5 18. exf6 Rxf6 19. g4 Nb4 20. Rf2 Qc8 21. Rc1
Na2 22. Ra1 Nb4 23. f5 exf5 24. Rxf5 Qe6 25. Bf2 Nf4 26. Rxf6 gxf6 27. Qh6
Qxg4+ 28. Kh1 Nxc2 29. Qxf6 Nxe1 30. Qd8+ Kf7 0-1

[Event "16. Obert Internacional Sant Martí 2014"]
[Site "Barcelona ESP"]
[Date "2014.07.19"]
[Round "7.5"]
[White "Lorenzo De La Riva, Lazaro"]
[Black "Gomez Garrido, Camilo Ernesto"]
[Result "1-0"]
[WhiteElo "2426"]
[BlackElo "2495"]
[PlyCount "65"]
[EventDate "2014.07.13"]
[EventType "swiss"]
[EventRounds "9"]
[EventCountry "ESP"]
[Source "lmi"]
[SourceDate "2014.07.13"]

1. e4 c5 2. Nf3 d6 3. d4 Nf6 4. Nc3 cxd4 5. Nxd4 a6 6. Be3 e6 7. g4 h6 8. Bg2
e5 9. Nf5 g6 10. Qe2 gxf5 11. exf5 Qc7 12. f4 Bd7 13. g5 hxg5 14. fxg5 Bc6 15.
gxf6 Nd7 16. O-O-O Nxf6 17. Bg5 Be7 18. Bxf6 Bxf6 19. Nd5 Bxd5 20. Bxd5 Ke7 21.
Rd3 Rac8 22. Kb1 b5 23. Rhd1 Rh4 24. a3 Qd7 25. Bb3 Rd8 26. Qg2 Qxf5 27. Qb7+
Qd7 28. Qxa6 Rd4 29. Rxd4 exd4 30. Re1+ Be5 31. Qb6 Rh8 32. Qxd4 Kf8 33. Rxe5
1-0

[Event "16. Obert Internacional Sant Martí 2014"]
[Site "Barcelona ESP"]
[Date "2014.07.19"]
[Round "7.6"]
[White "Perez Mitjans, Orelvis"]
[Black "Cuartas, Jaime Alexander"]
[Result "1-0"]
[WhiteElo "2414"]
[BlackElo "2483"]
[PlyCount "143"]
[EventDate "2014.07.13"]
[EventType "swiss"]
[EventRounds "9"]
[EventCountry "ESP"]
[Source "lmi"]
[SourceDate "2014.07.13"]

1. e4 c6 2. d4 d5 3. e5 c5 4. dxc5 Nc6 5. Nf3 e6 6. Bd3 Bxc5 7. Nbd2 Nge7 8.
Nb3 Bb6 9. Bf4 Ng6 10. Bg3 O-O 11. O-O f5 12. exf6 Qxf6 13. c3 Bd7 14. Qd2 Nce5
15. Nxe5 Nxe5 16. Be2 Rac8 17. Kh1 Nc4 18. Qc2 e5 19. Rad1 Bf5 20. Qc1 Be6 21.
Rde1 e4 22. Rd1 Qg6 23. Nd4 Bg4 24. Rfe1 Bxe2 25. Rxe2 Bc7 26. Bxc7 Rxc7 27. f4
Qh5 28. b3 Nd6 29. Qd2 Rfc8 30. Re3 Qf7 31. Kg1 b5 32. f5 Re7 33. Rf1 Re5 34.
g4 Qf6 35. Ne6 Nf7 36. Qd4 Qe7 37. Nxg7 b4 38. f6 Qc5 39. Qxc5 Rxc5 40. cxb4
Rc2 41. Nf5 Rd2 42. Ne7+ Kf8 43. Rc3 Nd6 44. Rc6 Ne8 45. Nf5 e3 46. f7 Kxf7 47.
Nxe3+ Ke7 48. Rf2 Rd3 49. Nf5+ Kd8 50. Rh6 Re4 51. h3 Rd1+ 52. Kg2 d4 53. Kf3
Re5 54. Kf4 Ree1 55. Rxh7 Nc7 56. Rc2 Ne6+ 57. Kg3 Rd3+ 58. Kf2 Rh1 59. Rc6
Rd2+ 60. Kg3 Rd3+ 61. Kg2 Re1 62. Kh2 Re5 63. Rd6+ Kc8 64. Re7 Rd2+ 65. Kg3
Rde2 66. Rdd7 R2e3+ 67. Kh4 Rxf5 68. gxf5 Nf4 69. Rxe3 dxe3 70. Re7 Kd8 71. Re4
e2 72. Kg4 1-0

[Event "16. Obert Internacional Sant Martí 2014"]
[Site "Barcelona ESP"]
[Date "2014.07.19"]
[Round "7.7"]
[White "Cruz, Cristhian"]
[Black "Oliva Castaneda, Kevel"]
[Result "0-1"]
[WhiteElo "2563"]
[BlackElo "2419"]
[PlyCount "60"]
[EventDate "2014.07.13"]
[EventType "swiss"]
[EventRounds "9"]
[EventCountry "ESP"]
[Source "lmi"]
[SourceDate "2014.07.13"]

1. c4 g6 2. g3 Bg7 3. Bg2 Nf6 4. Nc3 O-O 5. Nf3 d6 6. O-O c6 7. d3 e5 8. b3 Re8
9. Bb2 d5 10. cxd5 cxd5 11. Rc1 Nc6 12. Na4 d4 13. a3 Nd5 14. b4 Nce7 15. Qb3
f6 16. e4 dxe3 17. fxe3 Kh8 18. Rce1 Be6 19. Nc5 Bg8 20. d4 e4 21. Nd2 Nf5 22.
Rxf5 gxf5 23. Nxb7 Qc7 24. Nc5 Bh6 25. Nc4 Nb6 26. Bf1 Bd5 27. Qc2 Rg8 28. Qf2
Bxc4 29. d5 Bxd5 30. Qxf5 Rxg3+ 0-1

[Event "16. Obert Internacional Sant Martí 2014"]
[Site "Barcelona ESP"]
[Date "2014.07.19"]
[Round "7.8"]
[White "Hansen, Torbjorn Ringdal"]
[Black "Bachmann, Axel"]
[Result "1/2-1/2"]
[WhiteElo "2448"]
[BlackElo "2652"]
[PlyCount "88"]
[EventDate "2014.07.13"]
[EventType "swiss"]
[EventRounds "9"]
[EventCountry "ESP"]
[Source "lmi"]
[SourceDate "2014.07.13"]

1. e4 c5 2. Nf3 e6 3. d4 cxd4 4. Nxd4 a6 5. Nc3 b5 6. Bd3 Qb6 7. Nf3 d6 8. a4
b4 9. a5 Qd8 10. Na4 Nd7 11. Be3 Bb7 12. Nb6 Nxb6 13. Bxb6 Qd7 14. O-O Nf6 15.
Qe2 Be7 16. c3 bxc3 17. Rac1 d5 18. Ne5 Qa4 19. Rxc3 dxe4 20. Bc2 Qb5 21. Qxb5+
axb5 22. Rc7 Bd5 23. Bc5 Bd8 24. Rxf7 Ng4 25. Nxg4 Kxf7 26. f3 exf3 27. Ne5+
Ke8 28. Bd3 Bc4 29. Nxc4 bxc4 30. Bxc4 Rxa5 31. b4 Ra3 32. Re1 Bf6 33. Rxe6+
Kd7 34. Bd5 Rd8 35. Rd6+ Ke8 36. Re6+ Kf7 37. Re3+ Rxd5 38. Rxa3 Rd1+ 39. Kf2
fxg2 40. Kxg2 Rb1 41. Kf3 Be5 42. Ke4 Bxh2 43. Rh3 Bg1 44. Rxh7 Bxc5 1/2-1/2

[Event "16. Obert Internacional Sant Martí 2014"]
[Site "Barcelona ESP"]
[Date "2014.07.19"]
[Round "7.9"]
[White "Das, Sayantan"]
[Black "Vasquez Schroeder, Rodrigo"]
[Result "1/2-1/2"]
[WhiteElo "2381"]
[BlackElo "2551"]
[PlyCount "105"]
[EventDate "2014.07.13"]
[EventType "swiss"]
[EventRounds "9"]
[EventCountry "ESP"]
[Source "lmi"]
[SourceDate "2014.07.13"]

1. e4 c5 2. Nf3 d6 3. d4 cxd4 4. Nxd4 Nf6 5. Nc3 Nc6 6. Bg5 e6 7. Qd2 Be7 8.
O-O-O O-O 9. f4 Nxd4 10. Qxd4 Qa5 11. Kb1 Rd8 12. Qd2 Bd7 13. Bd3 h6 14. Bxf6
Bxf6 15. Nd5 Qxd2 16. Nxf6+ gxf6 17. Rxd2 Bc6 18. Re1 Kf8 19. Re3 Ke7 20. Rh3
Rh8 21. Rf2 h5 22. f5 Rag8 23. Rhf3 Rh6 24. c4 Rg4 25. Rf4 Rg5 26. Rh4 a5 27.
g3 Kf8 28. Kc2 Kg7 29. Kd2 Rh8 30. b3 Rd8 31. a4 Rh8 32. Rhf4 Rh6 33. Rh4 Bd7
34. Ke3 Kf8 35. Rff4 Ke7 36. Rh3 Kd8 37. Rhh4 Kc7 38. Rf2 Rg8 39. Be2 Rgh8 40.
Kd4 b6 41. Bd1 Bc6 42. Bc2 Kd7 43. Bd1 Ke7 44. Bc2 Bd7 45. Bd1 Kd8 46. Be2 Bc6
47. Bf3 Ke7 48. Be2 Bd7 49. Bd1 Kd8 50. Be2 Bc6 51. Bf3 Kc7 52. Be2 Kd7 53. Bd1
1/2-1/2

[Event "16. Obert Internacional Sant Martí 2014"]
[Site "Barcelona ESP"]
[Date "2014.07.19"]
[Round "7.10"]
[White "Saptarshi, Roy"]
[Black "Movsziszian, Karen"]
[Result "1-0"]
[WhiteElo "2449"]
[BlackElo "2520"]
[PlyCount "69"]
[EventDate "2014.07.13"]
[EventType "swiss"]
[EventRounds "9"]
[EventCountry "ESP"]
[Source "lmi"]
[SourceDate "2014.07.13"]

1. e4 d6 2. d4 Nf6 3. Nc3 g6 4. Be3 a6 5. f3 b5 6. Qd2 Nbd7 7. Rd1 Bb7 8. Nh3
Bg7 9. Be2 O-O 10. O-O c5 11. d5 Re8 12. a3 Qc7 13. Kh1 Rad8 14. Bh6 Bh8 15.
Qf4 c4 16. Ng5 Nc5 17. Qh4 e6 18. f4 exd5 19. exd5 Bc8 20. Bf3 Bf5 21. Rd2 Rd7
22. g4 Be4 23. f5 Bxf3+ 24. Rxf3 Rde7 25. Rdf2 Ncd7 26. fxg6 hxg6 27. Rh3 Re3
28. Nf3 Rxc3 29. bxc3 Nxd5 30. Bg5 Bg7 31. Qh7+ Kf8 32. Bh6 Bxh6 33. Qxh6+ Ke7
34. Qg5+ f6 35. Qxd5 1-0

[Event "16. Obert Internacional Sant Martí 2014"]
[Site "Barcelona ESP"]
[Date "2014.07.19"]
[Round "7.11"]
[White "Rahman, Ziaur"]
[Black "Munoz Pantoja, Miguel"]
[Result "1/2-1/2"]
[WhiteElo "2515"]
[BlackElo "2457"]
[PlyCount "129"]
[EventDate "2014.07.13"]
[EventType "swiss"]
[EventRounds "9"]
[EventCountry "ESP"]
[Source "lmi"]
[SourceDate "2014.07.13"]

1. Nf3 c5 2. c4 g6 3. Nc3 Bg7 4. g3 Nc6 5. Bg2 e6 6. d3 Nge7 7. Bd2 d5 8. Qc1
O-O 9. h4 h5 10. Bh6 Nf5 11. Bxg7 Kxg7 12. Ng5 d4 13. Bxc6 bxc6 14. Nce4 f6 15.
Nf3 Nd6 16. Nfd2 Nxe4 17. Nxe4 f5 18. Ng5 e5 19. Qd2 Rb8 20. O-O-O Qb6 21. e3
e4 22. Rhe1 exd3 23. b3 a5 24. exd4 cxd4 25. Re7+ Kg8 26. Rde1 Qc5 27. Kb2 Qxc4
28. Ra7 Rd8 29. Ree7 Qc3+ 30. Qxc3 dxc3+ 31. Kxc3 d2 32. Rg7+ Kh8 33. Rh7+ Kg8
34. Rag7+ Kf8 35. Rh8+ Kxg7 36. Rxd8 Rb7 37. Kxd2 Bd7 38. Kc3 f4 39. gxf4 Bf5
40. Nf3 c5 41. Ne5 a4 42. Rd6 axb3 43. axb3 Ra7 44. Kb2 Rc7 45. Ra6 Rc8 46. Rd6
Rf8 47. f3 Rf6 48. Nc4 Rf7 49. Kc3 Bh3 50. Ne5 Rxf4 51. Rxg6+ Kh7 52. Rg3 Be6
53. Nd3 Rxh4 54. Nxc5 Bd5 55. Nd3 Rh1 56. f4 h4 57. Rg5 Bf3 58. Ne5 Rf1 59. Nd7
h3 60. Nf6+ Kh6 61. Ng8+ Kh7 62. Nf6+ Kh6 63. Ng8+ Kh7 64. Nf6+ Kh6 65. Ng8+
1/2-1/2

[Event "16. Obert Internacional Sant Martí 2014"]
[Site "Barcelona ESP"]
[Date "2014.07.19"]
[Round "7.12"]
[White "Gonzalez Perez, Arian"]
[Black "Gomez Ledo, Roberto Carlos"]
[Result "1/2-1/2"]
[WhiteElo "2494"]
[BlackElo "2429"]
[PlyCount "39"]
[EventDate "2014.07.13"]
[EventType "swiss"]
[EventRounds "9"]
[EventCountry "ESP"]
[Source "lmi"]
[SourceDate "2014.07.13"]

1. e4 d6 2. f4 c6 3. Nf3 Bg4 4. h3 Bxf3 5. Qxf3 e5 6. Nc3 Nf6 7. b3 exf4 8.
Qxf4 Be7 9. Be2 O-O 10. Bb2 Nbd7 11. O-O-O b5 12. Bf3 Ne8 13. Ne2 a5 14. Nd4
Ne5 15. Nf5 Bf6 16. Qg3 c5 17. d4 cxd4 18. Rxd4 Nc6 19. Rd5 Bxb2+ 20. Kxb2
1/2-1/2

[Event "16. Obert Internacional Sant Martí 2014"]
[Site "Barcelona ESP"]
[Date "2014.07.19"]
[Round "7.13"]
[White "Ghosh, Diptayan"]
[Black "Panelo, Marcelo"]
[Result "1/2-1/2"]
[WhiteElo "2468"]
[BlackElo "2448"]
[PlyCount "110"]
[EventDate "2014.07.13"]
[EventType "swiss"]
[EventRounds "9"]
[EventCountry "ESP"]
[Source "lmi"]
[SourceDate "2014.07.13"]

1. d4 Nf6 2. c4 g6 3. Nc3 Bg7 4. e4 d6 5. f3 O-O 6. Nge2 e5 7. Bg5 Nc6 8. d5
Nd4 9. Nxd4 exd4 10. Qxd4 h6 11. Bxf6 Bxf6 12. Qd2 c5 13. Bd3 Bh4+ 14. g3 Bg5
15. f4 Bf6 16. O-O Bh3 17. Rfe1 Re8 18. Kh1 a6 19. Ne2 b5 20. Ng1 Bd7 21. Rac1
Rb8 22. b3 b4 23. Qg2 Qc8 24. Nf3 Bg4 25. Re3 a5 26. e5 Bxf3 27. Qxf3 dxe5 28.
Rce1 e4 29. Rxe4 Rxe4 30. Rxe4 Qd7 31. Bc2 Re8 32. Kg2 Rxe4 33. Qxe4 Kg7 34. h4
Kf8 35. Qe2 Kg7 36. Qe4 Kf8 37. Bd1 Qe7 38. Qxe7+ Bxe7 39. Kh3 Kg7 40. Bf3 Bd6
41. h5 Kf6 42. Kg4 Bc7 43. Be4 Bd6 44. Bc2 Bc7 45. Bd3 Bd6 46. Bf1 Bc7 47. Bh3
Bd6 48. hxg6 fxg6 49. Kf3 Bc7 50. Bd7 Ke7 51. Bc6 Bd6 52. Ke4 Kf7 53. Bd7 Ke7
54. Be6 Kf6 55. Bc8 Kf7 1/2-1/2

[Event "16. Obert Internacional Sant Martí 2014"]
[Site "Barcelona ESP"]
[Date "2014.07.19"]
[Round "7.14"]
[White "Aloma Vidal, Robert"]
[Black "Cruz, Jonathan"]
[Result "1-0"]
[WhiteElo "2406"]
[BlackElo "2471"]
[PlyCount "123"]
[EventDate "2014.07.13"]
[EventType "swiss"]
[EventRounds "9"]
[EventCountry "ESP"]
[Source "lmi"]
[SourceDate "2014.07.13"]

1. d4 Nf6 2. c4 c5 3. d5 g6 4. Nc3 d6 5. e4 Bg7 6. h3 O-O 7. Nf3 e5 8. g4 Ne8
9. Bd3 Bd7 10. Bg5 f6 11. Be3 Na6 12. Nd2 Qb6 13. Rb1 Nb4 14. Be2 f5 15. gxf5
gxf5 16. Bg5 fxe4 17. Ndxe4 Bf5 18. a3 h6 19. Be3 Qd8 20. Rg1 Na2 21. Bd3 Nxc3
22. bxc3 Rf7 23. Qh5 Qa5 24. Bxh6 Bxe4 25. Bxe4 Qxc3+ 26. Bd2 Qd4 27. Bh7+ Kf8
28. Qe2 Nf6 29. Bg6 Re7 30. Rg3 Rb8 31. Kf1 b5 32. Be3 Qh4 33. Bg5 Qh8 34. h4
Reb7 35. h5 Bh6 36. Qd2 Bxg5 37. Qxg5 Ke7 38. cxb5 Qg8 39. Rf3 Rf8 40. Rd1 Rxb5
41. Qh4 a6 42. Rg3 Qh8 43. Qh3 Kd8 44. Qe6 Nd7 45. Bf5 Rb7 46. h6 Re8 47. Qxd6
Qf8 48. Qxf8 Rxf8 49. Rg7 Rxf5 50. h7 Rh5 51. d6 Nf6 52. Rxb7 Rxh7 53. Rxh7
Nxh7 54. Rd5 Kd7 55. Rxc5 Kxd6 56. Ra5 Ng5 57. Rxa6+ Kd5 58. f4 Ne4 59. Ra5+
Kd6 60. Rxe5 Nd2+ 61. Kf2 Nc4 62. Re3 1-0

[Event "16. Obert Internacional Sant Martí 2014"]
[Site "Barcelona ESP"]
[Date "2014.07.19"]
[Round "7.15"]
[White "Asis Gargatagli, Hipolito"]
[Black "Sardana, Rishi"]
[Result "1-0"]
[WhiteElo "2460"]
[BlackElo "2363"]
[PlyCount "83"]
[EventDate "2014.07.13"]
[EventType "swiss"]
[EventRounds "9"]
[EventCountry "ESP"]
[Source "lmi"]
[SourceDate "2014.07.13"]

1. e4 c5 2. Nf3 d6 3. d4 cxd4 4. Nxd4 Nf6 5. Nc3 a6 6. Be3 e5 7. Nb3 Be6 8. h3
Nc6 9. Qe2 Rc8 10. f4 Be7 11. g4 Nb4 12. Bg2 exf4 13. Bxf4 Qb6 14. O-O-O Nxa2+
15. Nxa2 Bxb3 16. Nc3 Bc4 17. Qe3 Qxe3+ 18. Bxe3 Nd7 19. e5 Nxe5 20. Bxb7 Rb8
21. Bd5 O-O 22. b3 Bxd5 23. Nxd5 Bd8 24. Rhf1 Re8 25. Rf4 Bg5 26. Ra4 Bxe3+ 27.
Nxe3 Rb6 28. Nf5 Re6 29. Rad4 g6 30. Nxd6 Nf3 31. Rd5 Re2 32. Rf1 Re1+ 33. Rxe1
Nxe1 34. Kb2 Ng2 35. Rd1 a5 36. g5 Rb4 37. Rd5 a4 38. Ra5 axb3 39. Ra8+ Kg7 40.
Ne8+ Kf8 41. Nf6+ Ke7 42. Nd5+ 1-0

[Event "16. Obert Internacional Sant Martí 2014"]
[Site "Barcelona ESP"]
[Date "2014.07.19"]
[Round "7.16"]
[White "Huerga Leache, Mikel"]
[Black "Sagar, Shah"]
[Result "1-0"]
[WhiteElo "2458"]
[BlackElo "2314"]
[PlyCount "111"]
[EventDate "2014.07.13"]
[EventType "swiss"]
[EventRounds "9"]
[EventCountry "ESP"]
[Source "lmi"]
[SourceDate "2014.07.13"]

1. e4 c6 2. d4 d5 3. Nc3 dxe4 4. Nxe4 Bf5 5. Ng3 Bg6 6. h4 h6 7. Nf3 e6 8. h5
Bh7 9. Bd3 Bxd3 10. Qxd3 Nf6 11. Bd2 Be7 12. O-O-O O-O 13. Qe2 c5 14. dxc5 Qd5
15. Kb1 Qxc5 16. Bc3 Nc6 17. Ne4 Nxe4 18. Qxe4 Rfd8 19. Qg4 Bf8 20. Rde1 Rd5
21. Nd2 Rg5 22. Qh3 Qf5 23. Qh2 Qxf2 24. Ne4 Qxg2 25. Qc7 Rb8 26. Nxg5 Qxg5 27.
Reg1 Qe7 28. Qf4 Kh7 29. Rh2 Rd8 30. Rhg2 f6 31. Qe4+ Kh8 32. Rg6 Qf7 33. b3
Rd7 34. Qg2 Ne7 35. Rg4 Nf5 36. Qe2 Bc5 37. R1g2 Qf8 38. b4 Be3 39. Re4 Bg5 40.
Rxe6 Rd8 41. Rg1 Rc8 42. Qd3 Qd8 43. Qxf5 Rxc3 44. Rge1 Be3 45. R6xe3 Rxe3 46.
Rxe3 Qd1+ 47. Kb2 Qd4+ 48. Rc3 Qxb4+ 49. Rb3 Qd4+ 50. c3 Qd2+ 51. Qc2 Qd5 52.
Qe2 b6 53. Rb4 f5 54. Rd4 Qf7 55. Rd8+ Kh7 56. Qe8 1-0

[Event "16. Obert Internacional Sant Martí 2014"]
[Site "Barcelona ESP"]
[Date "2014.07.19"]
[Round "7.17"]
[White "Matsenko, Elena"]
[Black "Dukaczewski, Piotr"]
[Result "0-1"]
[WhiteElo "1929"]
[BlackElo "2303"]
[PlyCount "60"]
[EventDate "2014.07.13"]
[EventType "swiss"]
[EventRounds "9"]
[EventCountry "ESP"]
[Source "lmi"]
[SourceDate "2014.07.13"]

1. e4 c5 2. Nf3 Nc6 3. d4 cxd4 4. Nxd4 Nf6 5. Nc3 d6 6. Be2 e5 7. Nf3 h6 8. h3
Be7 9. O-O O-O 10. Be3 a6 11. a4 Be6 12. Qd2 Rc8 13. Rfd1 Nb4 14. Rac1 Qa5 15.
Ne1 Rxc3 16. Qxc3 Nxe4 17. Qa3 d5 18. Qa1 d4 19. Bf3 dxe3 20. Bxe4 exf2+ 21.
Kxf2 Bc5+ 22. Ke2 Na2 23. Rb1 Qb4 24. Bd3 Qf4 25. Rd2 Be3 26. Nf3 e4 27. Rdd1
exf3+ 28. gxf3 Bc5 29. Rf1 Qe3+ 30. Kd1 Bb4 0-1

[Event "16. Obert Internacional Sant Martí 2014"]
[Site "Barcelona ESP"]
[Date "2014.07.19"]
[Round "7.18"]
[White "Gomez Jurado, Luis Alberto"]
[Black "Cori T., Deysi"]
[Result "0-1"]
[WhiteElo "2304"]
[BlackElo "2414"]
[PlyCount "100"]
[EventDate "2014.07.13"]
[EventType "swiss"]
[EventRounds "9"]
[EventCountry "ESP"]
[Source "lmi"]
[SourceDate "2014.07.13"]

1. c4 e6 2. g3 h5 3. h4 Nf6 4. Bg2 d5 5. Nf3 Be7 6. O-O c6 7. Qc2 Nbd7 8. d3 e5
9. Ng5 O-O 10. cxd5 cxd5 11. d4 exd4 12. Rd1 Qb6 13. e3 Ne5 14. exd4 Nc6 15.
Nc3 Nb4 16. Qe2 Nc6 17. Be3 Bg4 18. f3 Bf5 19. Bh3 Bxh3 20. Nxh3 Rfe8 21. Qd3
Bd6 22. Bf2 Qxb2 23. Rab1 Qa3 24. Rxb7 Nb4 25. Qd2 Qa6 26. Rb5 Rac8 27. a4 Rxc3
28. Qxc3 Qxa4 29. Ra1 Qxb5 30. Rxa7 Nd3 31. Ra5 Qb1+ 32. Kg2 Nxf2 33. Nxf2 Bxg3
34. Ra1 Qg6 35. Qd3 Qxd3 36. Nxd3 Bxh4 37. Ne5 Bg5 38. Ra7 Rf8 39. Nc6 g6 40.
Ra6 Kg7 41. Ne5 Be3 42. Nc6 Rc8 43. Kf1 Bf4 44. Kg2 Re8 45. Nb4 Re2+ 46. Kf1
Rd2 47. Nc6 Nh7 48. Ra5 h4 49. Ne5 h3 50. Ng4 Rxd4 0-1

[Event "16. Obert Internacional Sant Martí 2014"]
[Site "Barcelona ESP"]
[Date "2014.07.19"]
[Round "7.19"]
[White "Cruz, Filemon"]
[Black "Matsenko, Andrei"]
[Result "1/2-1/2"]
[WhiteElo "2412"]
[BlackElo "2294"]
[PlyCount "95"]
[EventDate "2014.07.13"]
[EventType "swiss"]
[EventRounds "9"]
[EventCountry "ESP"]
[Source "lmi"]
[SourceDate "2014.07.13"]

1. c4 Nf6 2. Nf3 e6 3. g3 b6 4. Bg2 Bb7 5. d4 c5 6. d5 exd5 7. Nh4 d6 8. Nc3
Qd7 9. cxd5 b5 10. e4 b4 11. Ne2 g6 12. O-O Bg7 13. a3 Na6 14. Nf4 O-O 15. Nd3
bxa3 16. Rxa3 Nb4 17. Nxb4 cxb4 18. Ra5 Rfe8 19. Qb3 Nxe4 20. Qxb4 Nc5 21. Qa3
a6 22. Be3 Ne4 23. Rd1 Rac8 24. Nf3 h5 25. Nd4 h4 26. Nc6 h3 27. Bh1 Bxc6 28.
dxc6 Qxc6 29. Qd3 Bxb2 30. Rxa6 Qc2 31. Qxc2 Rxc2 32. Bxe4 Rxe4 33. Raxd6 Rc8
34. Kf1 Kg7 35. Ke2 Re7 36. Kf3 Be5 37. R6d5 Bf6 38. Rb5 Rec7 39. Kg4 Rh8 40.
Rd6 Ba1 41. Ra6 Rc4+ 42. Kf3 Bd4 43. Bxd4+ Rxd4 44. Ra7 Rd6 45. Kg4 Rd2 46. Kf3
Rd6 47. Rbb7 Rd3+ 48. Kg4 1/2-1/2